Právna ochrana počítačových programov

Saved in:
Bibliographic Details
Main Author: Lihocký, Michal, 1991- (Author)
Other Authors: Dekýšová, Iveta, 1965- (Thesis advisor)
Format: Manuscript Book
Language:Slovak
Published: Bratislava : STU v Bratislave FIIT, 2012
Subjects:
Online Access:VAIS
Tags: Add Tag
No Tags, Be the first to tag this record!

MARC

LEADER 00000ntm a22000003a 4500
001 stu253057
005 20150617230228.6
008 120724s2012----xo------------------slo-d
040 |a STU  |b slo 
041 0 |a slo 
044 |a xo 
100 1 |a Lihocký, Michal,  |d 1991-  |4 aut  |u I200  |U FIIT Fakulta informatiky a informačných technológií  |T FIIT Ústav informatiky a softvérového inžinierstva  |X 64387  |U I200  |Y 179  |7 A000064387 
242 0 0 |a Legal protection for computer programs  |y eng 
245 1 |a Právna ochrana počítačových programov 
260 |a Bratislava :  |b STU v Bratislave FIIT,  |c 2012 
300 |a 65 s  |c príl. 
650 7 |a informatika  |2 stusub 
650 7 |a Informatics  |2 estusub 
650 7 |a e-learning  |2 estusub 
650 7 |a počítačový program  |2 stusub 
650 7 |a právna ochrana  |2 stusub 
700 1 |a Dekýšová, Iveta,  |d 1965-  |4 ths  |u I200  |U FIIT Fakulta informatiky a informačných technológií  |T FIIT Ústav informatiky a softvérového inžinierstva  |X 54471  |U I200  |Y 179  |7 A000054471 
856 4 |a info a plný text  |u http://is.stuba.sk/zp/portal_zp.pl?podrobnosti=65218  |3 VAIS 
996 |b IBAP68/12  |c I*BAP68/12  |l II680  |s P  |a 0  |w stu253057_0001